01113 2200289 4500001002100000005001500021035002000036007000300056008004100059020002200100082001000122084001900132100003100151245008800182250001700270300003800287650001600325700001800341504003000359520028100389264004700670336002100717337003000738338002300768990001600791990001600807INLIS00000000116282920221230114909 a0010-1222000067ta221230 g 0 ind  a978-602-5687-06-8 a636.5 aSR 636.5 INT b0 aIntihaul Khiyarohepenulis1 aBudidaya ayam birma :bhobi mendatangkan rezeki /cIntihaul Khiyaroh; editor, Tanti aCetakan 2022 a120 halaman :bilustrasi ;c21 cm 4aTernak ayam0 aTantieeditor aBibliografi : halaman 119 aAyam birma berasal dari Myanmar, memiliki banyak kelebihan. Ayam ini mempunyai teknik menyerang lawan dengan baik dan gesit. Memiliki warna bervariasi muali dari hijau wido hingga merah tua. Ayam birma campuran mempunyai ciri fisik yang hampir mirip dengan ayam birma aslinya. aYogyakarta :bTrans Idea Publishing,c2022 2rdacontentateks 2rdamediaatanpa perantara 2rdacarrieravolume a51204.64024 a51205.64025